000 01026cac a2200337 i 4500
003 EG-GICUC
005 20260430193005.0
008 260430n1900 enka|||f 000 0 eng d
040 _aDLC
_cDLC
_dDLC
_dEG-GICUC
_beng
_erda
041 _aeng
043 _ae-uk---
082 0 0 _221
_a343.65
_bAD . O
092 0 4 _221
099 _aLaw 10 343.65 AD . O 1900 1010981 C1
100 1 _aAdam, H. L.
_eAuthor.
245 1 2 _aOriental Crime /
_cBy H. L. Adam.
264 _aLondon :
_bT. Werner Laurie,
_c[1900].
300 _a383 page :
_billustrations ;
_c23 cm.
336 _atext
_btxt
_2rdacontent
337 _aunmediated
_bn
_2rdamedia
338 _avolume
_bnc
_2rdacarrier
650 1 4 _aTypes of crimes
650 1 4 _aCriminality
650 0 _aCrime in literature.
_2qrmak
650 0 _aCrime writing
_xSocial aspects.
_2qrmak
650 0 _aFear of crime
_zGreat Britain.
_2qrmak
651 1 _2qrmak
856 4 2 _uhttps://fll.law.cu.edu.eg/fulltext/bks/1qENGB10-10981.pdf
905 _a164
942 _2ddc
_cBK
_e21
_n0
999 _c74575
_d74575